Name the Twenty One Pilots song by lyric (21 Pilots) Part 1 - Statistics

General Stats
  • This quiz has been taken 417 times
  • The average score is 13 of 18
Answer Stats
LYRIC(S) ALBUM Answer % Correct
"And now I just sit in silence" Vessel Car Radio
96%
"This beat is a chemical" Trench Chlorine
96%
"And when your father turns to stone" Vessel House of Gold
92%
"Don't forget abou-b-b-b-bout me" Blurryface Doubt
91%
"But I don't seem to see many bullets coming through" Blurryface Ride
87%
"Pressures of a new place roll my way" Trench Jumpsuit
82%
"'Cause you shed your modesty" Scaled and Icy Shy Away
81%
"And you never put the safety on" Vessel Guns for Hands
78%
"'Cause if you stick around, I'll sing you pretty sounds" Blurryface We Don't Believe What's on TV
70%
"My prayer's schizophrenic" Vessel Semi-Automatic
69%
"Nice to know my kind will be on my side" Trench The Hype
67%
"Windows open now, make a noise" Blurryface Not Today
65%
"You are out of my mind" Blurryface Not Today
65%
"Why won't you speak" Vessel Trees
63%
"I've got a long drive, I'll tape my eyes" Scaled and Icy The Outside
62%
"But you should know I might be cynical towards you" Scaled and Icy Formidable
59%
"And I'll try to delay what you make of my life" Twenty One Pilots Fall Away
49%
"I am cold, can you hear? Twenty One Pilots Isle of Flightless Birds
47%
No matching quizzes found
Score Distribution
Percent of People with Each Score
Percentile by Number Answered
Your Score History
You have not taken this quiz